| 000 | 00471nam a2200169Ia 4500 | ||
|---|---|---|---|
| 999 |
_c12662 _d12662 |
||
| 003 | OSt | ||
| 005 | 20201022130600.0 | ||
| 008 | 190216s9999||||xx |||||||||||||| ||und|| | ||
| 040 | _coclc | ||
| 082 |
_a133.583067 _bLAW/S |
||
| 100 |
_aLawrence, D H _94767 |
||
| 245 | 0 |
_aSuns And Lovers / _c D H Lawrence |
|
| 260 |
_bPenguin Books, _c1965. |
||
| 300 | _a511p | ||
| 650 | _aEnglish Novel | ||
| 942 |
_cBK _2ddc _h133.583067 _iLAW/S _k133.583067 _mLAW/S |
||